| 000 | 00000nas 2200000za 4500 |
| 001 | 9.505397 |
| 003 | CaOODSP |
| 005 | 20200325084947 |
| 007 | cr ||||||||||| |
| 008 | 150406c2008||||xxc|| p o||||f| |0eng|d |
| 040 | |aCaOODSP|beng |
| 043 | |an-cn--- |
| 086 | 1 |aPS61-10E-PDF |
| 110 | 1 |aCanada.|bRoyal Canadian Mounted Police. |bInternational Peace Operations Branch. |
| 245 | 10|aBiennial review, International Peace Operations Branch |h[electronic resource] |
| 260 | |aOttawa - Ontario : |bRoyal Canadian Mounted Police. |
| 310 | |aAnnual |
| 362 | 1 |a2006/2008-- |
| 520 | 3 |aHighlights the successes and challenges of the deployment and participation of Canadian police officers in international peacekeeping and support operations. Since 1989, the RCMP has managed these deployments. Includes sections on administration of peacekeeping operations, partnerships in peacekeeping, and summaries of each mission. |
| 690 | 07|aPeacekeeping|2gcpds |
| 775 | 08|tSous-direction des missions de paix internationales, revue biennal |w(CaOODSP)9.501796 |
| 780 | 00|tInternational Peacekeeping Branch review |w(CaOODSP)9.505009 |